Wszystkie państwa na literę L - Statystyki

Ogólne statystyki
  • Ten quiz został rozwiązany 50 razy
  • Średni wynik to 6 z 8
Statystyki odpowiedzi
Państwo % Poprawnych
Litwa
87%
Luksemburg
85%
Liban
79%
Libia
77%
Liechtenstein
74%
Laos
70%
Lesotho
68%
Liberia
66%
Nie znaleziono quizów pasujących do podanych kryteriów
Rozkład punktacji
Procent ludzi z każdym wynikiem
Percentyl według liczby udzielonych odpowiedzi
Twoja historia wyników
Nie rozwiązałeś tego quizu